Disney - Statistics

General Stats
  • This quiz has been taken 34 times
  • The average score is 5 of 6
Answer Stats
Hint Answer % Correct
Mic Mickey
91%
Go Goofy
88%
P Pluto
88%
Da Daisy
84%
Do Donald
84%
Min Minnie
84%
No matching quizzes found
Score Distribution
Percent of People with Each Score
Percentile by Number Answered
Your Score History
You have not taken this quiz